[Event "arco2023"]
[Site "?"]
[Date "2023.10.08"]
[Round "2.38"]
[White "HUESMANN, Thomas"]
[Black "RENZI, Marco"]
[Result "1-0"]
[BlackElo "1828"]
[WhiteElo "2155"]
[LiveChessVersion "1.4.8"]

1. e4 {[%clk 1:30:57]} e5 {[%clk 1:23:47]} 2. Nf3 {[%clk 1:31:19]} Nc6
{[%clk 1:23:27]} 3. Bb5 {[%clk 1:31:28]} Bc5 {[%clk 1:20:55]} 4. c3
{[%clk 1:30:59]} Nge7 {[%clk 1:20:56]} 5. O-O {[%clk 1:29:28]} a6
{[%clk 1:17:40]} 6. Ba4 {[%clk 1:28:39]} b5 {[%clk 1:18:01]} 7. Bb3
{[%clk 1:28:10]} O-O {[%clk 1:15:25]} 8. d4 {[%clk 1:28:23]} exd4
{[%clk 1:14:10]} 9. cxd4 {[%clk 1:28:40]} Bb6 {[%clk 1:14:23]} 10. Bg5
{[%clk 1:24:52]} d6 {[%clk 1:13:18]} 11. h3 {[%clk 1:24:37]} Kh8 {[%clk 1:07:04]}
12. Nc3 {[%clk 1:22:13]} f6 {[%clk 1:02:57]} 13. Bf4 {[%clk 1:16:30]} Qe8
{[%clk 1:01:46]} 14. Re1 {[%clk 1:11:12]} Qh5 {[%clk 1:01:18]} 15. Ne2
{[%clk 1:07:54]} Bxh3 {[%clk 0:56:27]} 16. Ng3 {[%clk 1:04:19]} Qg4
{[%clk 0:56:36]} 17. Be3 {[%clk 1:04:25]} Bxg2 {[%clk 0:50:02]} 18. Kxg2
{[%clk 1:04:48]} f5 {[%clk 0:49:15]} 19. Be6 {[%clk 1:01:58]} Rf6
{[%clk 0:46:24]} 20. exf5 {[%clk 1:00:42]} Nxf5 {[%clk 0:37:26]} 21. Bxf5
{[%clk 1:00:59]} Rxf5 {[%clk 0:37:36]} 22. Nh2 {[%clk 1:00:34]} Qg6
{[%clk 0:36:10]} 23. Qc2 {[%clk 0:58:13]} Ne7 {[%clk 0:31:20]} 24. Qe4
{[%clk 0:55:25]} Re8 {[%clk 0:28:16]} 25. Qg4 {[%clk 0:55:49]} Qxg4
{[%clk 0:19:09]} 26. Nxg4 {[%clk 0:56:09]} Rd5 {[%clk 0:19:15]} 27. Rac1
{[%clk 0:53:43]} h5 {[%clk 0:16:19]} 28. Rh1 {[%clk 0:52:25]} Kg8
{[%clk 0:15:04]} 29. Nxh5 {[%clk 0:50:06]} Kf7 {[%clk 0:12:08]} 30. Ng3
{[%clk 0:48:27]} Bxd4 {[%clk 0:10:22]} 31. Rxc7 {[%clk 0:47:17]} Bxb2
{[%clk 0:09:44]} 32. Ra7 {[%clk 0:46:19]} Ke6 {[%clk 0:03:27]} 33. Rb1
{[%clk 0:44:55]} Bd4 {[%clk 0:01:56]} 34. Rxa6 {[%clk 0:45:12]} Rb8
{[%clk 0:01:38]} 35. Bxd4 {[%clk 0:45:13]} Rxd4 {[%clk 0:02:07]} 36. Re1+
{[%clk 0:45:34]} Kd5 {[%clk 0:00:42]} 37. Ne3+ {[%clk 0:45:15]} Kc5
{[%clk 0:01:05]} 38. Rc1+ {[%clk 0:45:12]} Rc4 {[%clk 0:01:10]} 39. Nxc4
{[%clk 0:45:22]} bxc4 {[%clk 0:01:37]} 40. Ne4+ {[%clk 0:45:27]} Kd4
{[%clk 0:00:36]} 41. Nxd6 {[%clk 0:44:52]} c3 {[%clk 0:00:45]} 42. Ra4+
{[%clk 0:44:17]} Kd3 {[%clk 0:00:32]} 43. Ne4 {[%clk 0:39:08]} Rc8
{[%clk 0:29:18]} 44. Rxc3+ {[%clk 1:08:24]} Rxc3 {[%clk 0:29:41]} 45. Nxc3
{[%clk 1:08:49]} Kxc3 {[%clk 0:29:48]} 46. Ra7 {[%clk 1:09:04]} Nf5
{[%clk 0:28:29]} 47. Rb7 {[%clk 1:09:17]} Kc4 {[%clk 0:28:32]} 48. a4
{[%clk 1:09:38]} g6 {[%clk 0:28:12]} 49. a5 {[%clk 1:09:58]} Kc5 {[%clk 0:28:37]}
50. a6 {[%clk 1:10:16]} Kc6 {[%clk 0:28:46]} 51. Rb1 {[%clk 1:10:34]} 1-0

[Event "arco2023"]
[Site "?"]
[Date "2023.10.08"]
[Round "2.39"]
[White "DITTMAR, Peter"]
[Black "BRUESSOW, Nina"]
[Result "1/2-1/2"]
[BlackElo "1767"]
[WhiteElo "2135"]
[LiveChessVersion "1.4.8"]

1. d4 {[%clk 1:30:49]} Nf6 {[%clk 1:30:51]} 2. c4 {[%clk 1:31:12]} e6
{[%clk 1:31:15]} 3. Nc3 {[%clk 1:31:23]} Bb4 {[%clk 1:31:37]} 4. e3
{[%clk 1:31:36]} O-O {[%clk 1:31:44]} 5. Bd3 {[%clk 1:31:59]} d5 {[%clk 1:29:52]}
6. Nge2 {[%clk 1:31:42]} Re8 {[%clk 1:26:21]} 7. O-O {[%clk 1:30:18]} c5
{[%clk 1:23:02]} 8. a3 {[%clk 1:28:56]} cxd4 {[%clk 1:19:44]} 9. axb4
{[%clk 1:28:23]} dxc3 {[%clk 1:20:02]} 10. bxc3 {[%clk 1:28:41]} Nc6
{[%clk 1:16:56]} 11. cxd5 {[%clk 1:25:16]} Nxd5 {[%clk 1:15:21]} 12. b5
{[%clk 1:13:05]} Ne5 {[%clk 1:10:57]} 13. Bb1 {[%clk 1:12:56]} Qc7
{[%clk 1:08:10]} 14. Qc2 {[%clk 1:10:03]} Nf6 {[%clk 1:07:34]} 15. Nf4
{[%clk 1:04:41]} Bd7 {[%clk 0:43:54]} 16. Nh5 {[%clk 1:03:04]} Neg4
{[%clk 0:43:49]} 17. Nxf6+ {[%clk 1:02:27]} Nxf6 {[%clk 0:44:09]} 18. c4
{[%clk 1:02:02]} Rec8 {[%clk 0:43:35]} 19. b6 {[%clk 0:58:22]} Qxc4
{[%clk 0:33:27]} 20. Qxc4 {[%clk 0:44:32]} Rxc4 {[%clk 0:33:41]} 21. Rd1
{[%clk 0:42:03]} a6 {[%clk 0:22:52]} 22. Bb2 {[%clk 0:40:45]} Bb5
{[%clk 0:20:11]} 23. Bd4 {[%clk 0:30:12]} Rac8 {[%clk 0:11:53]} 24. h3
{[%clk 0:29:19]} Kh8 {[%clk 0:08:01]} 25. Bd3 {[%clk 0:25:38]} Rb4
{[%clk 0:08:05]} 26. Bxb5 {[%clk 0:23:10]} Rxb5 {[%clk 0:08:21]} 27. Rac1
{[%clk 0:23:28]} Rb8 {[%clk 0:01:18]} 28. f4 {[%clk 0:07:27]} Nd5
{[%clk 0:00:59]} 1/2-1/2

[Event "arco2023"]
[Site "?"]
[Date "2023.10.08"]
[Round "2.40"]
[White "DE REYMAEKER, Walter"]
[Black "FOLDES, Marton Gabor"]
[Result "0-1"]
[BlackElo "2129"]
[WhiteElo "1788"]
[LiveChessVersion "1.4.8"]

1. c4 {[%clk 1:30:58]} Nf6 {[%clk 1:30:55]} 2. g3 {[%clk 1:31:15]} c5
{[%clk 1:31:07]} 3. Bg2 {[%clk 1:31:35]} d5 {[%clk 1:31:32]} 4. cxd5
{[%clk 1:31:37]} Nxd5 {[%clk 1:31:56]} 5. Nc3 {[%clk 1:30:54]} Nc7
{[%clk 1:32:17]} 6. d3 {[%clk 1:29:33]} e5 {[%clk 1:26:43]} 7. Nf3
{[%clk 1:29:16]} Nc6 {[%clk 1:26:59]} 8. O-O {[%clk 1:29:08]} Be7
{[%clk 1:27:13]} 9. b3 {[%clk 1:27:32]} O-O {[%clk 1:24:48]} 10. Bb2
{[%clk 1:27:49]} Be6 {[%clk 1:20:35]} 11. Rc1 {[%clk 1:26:00]} f6
{[%clk 1:11:08]} 12. Nd2 {[%clk 1:19:58]} Nd5 {[%clk 0:51:10]} 13. Nxd5
{[%clk 1:02:48]} Bxd5 {[%clk 0:51:31]} 14. Bxd5+ {[%clk 1:00:55]} Qxd5
{[%clk 0:51:54]} 15. Qc2 {[%clk 0:58:45]} b5 {[%clk 0:50:01]} 16. Ne4
{[%clk 0:55:40]} Nb4 {[%clk 0:44:48]} 17. Qb1 {[%clk 0:55:26]} f5
{[%clk 0:31:18]} 18. Nc3 {[%clk 0:53:37]} Qd7 {[%clk 0:27:48]} 19. Nd1
{[%clk 0:43:17]} Bd6 {[%clk 0:15:34]} 20. a3 {[%clk 0:38:33]} Nd5
{[%clk 0:14:02]} 21. e4 {[%clk 0:37:51]} Nf6 {[%clk 0:12:06]} 22. Ne3
{[%clk 0:26:32]} f4 {[%clk 0:10:03]} 23. Nf5 {[%clk 0:23:40]} f3 {[%clk 0:09:47]}
24. d4 {[%clk 0:12:22]} cxd4 {[%clk 0:07:00]} 25. Qd3 {[%clk 0:12:27]} Nxe4
{[%clk 0:05:37]} 26. Qxe4 {[%clk 0:11:51]} Qxf5 {[%clk 0:05:56]} 27. Qxf5
{[%clk 0:11:08]} Rxf5 {[%clk 0:06:24]} 28. Rc6 {[%clk 0:10:57]} Rd8
{[%clk 0:06:33]} 29. Rd1 {[%clk 0:10:46]} Kf7 {[%clk 0:06:25]} 30. b4
{[%clk 0:10:05]} Ke6 {[%clk 0:06:29]} 31. Ra6 {[%clk 0:07:29]} Rf7
{[%clk 0:06:13]} 32. a4 {[%clk 0:06:15]} bxa4 {[%clk 0:06:14]} 33. b5
{[%clk 0:06:32]} Rb7 {[%clk 0:05:37]} 34. Ba3 {[%clk 0:03:00]} Kd5
{[%clk 0:05:59]} 35. Bxd6 {[%clk 0:03:04]} Rxd6 {[%clk 0:06:21]} 36. Rxa4
{[%clk 0:03:18]} Rxb5 {[%clk 0:05:16]} 37. Rxa7 {[%clk 0:03:40]} Rdb6
{[%clk 0:05:35]} 38. Raa1 {[%clk 0:03:52]} e4 0-1

[Event "arco2023"]
[Site "?"]
[Date "2023.10.08"]
[Round "2.41"]
[White "TREVISAN, Stefano"]
[Black "BUDYI, Danylo"]
[Result "1/2-1/2"]
[BlackElo "2114"]
[WhiteElo "1778"]
[LiveChessVersion "1.4.8"]

1. d4 {[%clk 1:30:50]} d5 {[%clk 1:24:08]} 2. Nf3 {[%clk 1:31:07]} c5
{[%clk 1:23:33]} 3. e3 {[%clk 1:19:23]} Nc6 {[%clk 1:20:57]} 4. b3
{[%clk 1:11:22]} Bg4 {[%clk 1:13:15]} 5. Bb2 {[%clk 1:11:13]} Nf6
{[%clk 1:08:08]} 6. Be2 {[%clk 1:09:57]} cxd4 {[%clk 1:02:18]} 7. Nxd4
{[%clk 1:09:19]} Bxe2 {[%clk 0:52:14]} 8. Qxe2 {[%clk 1:08:51]} Qc7
{[%clk 0:48:34]} 9. Nxc6 {[%clk 0:55:39]} bxc6 {[%clk 0:44:43]} 10. Nd2
{[%clk 0:53:57]} e5 {[%clk 0:35:29]} 11. c4 {[%clk 0:48:30]} Bb4 {[%clk 0:25:00]}
12. O-O {[%clk 0:39:36]} Bxd2 {[%clk 0:19:53]} 13. Qxd2 {[%clk 0:39:59]} dxc4
{[%clk 0:19:51]} 14. bxc4 {[%clk 0:40:15]} O-O {[%clk 0:17:33]} 15. Qc3
{[%clk 0:38:03]} 1/2-1/2

[Event "arco2023"]
[Site "?"]
[Date "2023.10.08"]
[Round "2.42"]
[White "ZUCCHELLI, Massimo"]
[Black "ZANIN, Luca"]
[Result "1/2-1/2"]
[BlackElo "1704"]
[WhiteElo "2060"]
[LiveChessVersion "1.4.8"]

1. d4 {[%clk 1:30:57]} Nf6 {[%clk 1:30:53]} 2. Nf3 {[%clk 1:31:15]} e6
{[%clk 1:30:33]} 3. Bg5 {[%clk 1:31:28]} d5 {[%clk 1:30:25]} 4. e3
{[%clk 1:31:30]} Be7 {[%clk 1:29:42]} 5. Nbd2 {[%clk 1:31:23]} O-O
{[%clk 1:29:09]} 6. c3 {[%clk 1:30:19]} Nbd7 {[%clk 1:28:54]} 7. Bd3
{[%clk 1:30:37]} c5 {[%clk 1:24:33]} 8. O-O {[%clk 1:27:13]} a6 {[%clk 1:22:09]}
9. a4 {[%clk 1:22:49]} b6 {[%clk 1:19:48]} 10. Qb1 {[%clk 1:20:55]} Bb7
{[%clk 1:17:37]} 11. Ne5 {[%clk 1:18:17]} h6 {[%clk 1:05:49]} 12. Bf4
{[%clk 1:17:21]} Nxe5 {[%clk 0:53:37]} 13. Bxe5 {[%clk 1:12:58]} Nd7
{[%clk 0:50:51]} 14. Bg3 {[%clk 1:10:18]} Bc6 {[%clk 0:46:41]} 15. b4
{[%clk 1:07:00]} cxb4 {[%clk 0:38:20]} 16. cxb4 {[%clk 1:06:27]} Nf6
{[%clk 0:35:59]} 17. Rc1 {[%clk 1:04:40]} Qe8 {[%clk 0:24:53]} 18. Qb3
{[%clk 0:49:44]} b5 {[%clk 0:22:34]} 19. a5 {[%clk 0:48:59]} Rc8 {[%clk 0:22:43]}
20. f3 {[%clk 0:45:48]} Nh5 {[%clk 0:22:50]} 21. Be1 {[%clk 0:41:05]} Qd7
{[%clk 0:23:07]} 22. Qb2 {[%clk 0:39:34]} Bb7 {[%clk 0:22:18]} 23. Nb3
{[%clk 0:39:15]} Bd6 {[%clk 0:19:23]} 24. g4 {[%clk 0:38:10]} Nf6
{[%clk 0:19:49]} 25. Nc5 {[%clk 0:37:05]} Qe7 {[%clk 0:19:31]} 26. Qg2
{[%clk 0:28:20]} e5 {[%clk 0:15:29]} 27. g5 {[%clk 0:23:28]} hxg5
{[%clk 0:15:45]} 28. Qxg5 {[%clk 0:23:55]} Bxc5 {[%clk 0:13:06]} 29. Rxc5
{[%clk 0:19:37]} Rxc5 {[%clk 0:13:26]} 30. bxc5 {[%clk 0:19:52]} Re8
{[%clk 0:13:15]} 31. Qxe5 {[%clk 0:04:07]} Qxe5 {[%clk 0:12:56]} 32. dxe5
{[%clk 0:04:35]} Rxe5 {[%clk 0:13:04]} 33. Kf2 {[%clk 0:04:49]} Rh5
{[%clk 0:09:22]} 34. Kg3 {[%clk 0:04:18]} Bc6 {[%clk 0:08:55]} 35. Bc3
{[%clk 0:04:14]} Nd7 {[%clk 0:07:24]} 36. Bd4 {[%clk 0:04:23]} Ne5
{[%clk 0:06:50]} 37. Bxe5 {[%clk 0:04:10]} Rxe5 {[%clk 0:07:12]} 38. Kf4
{[%clk 0:03:37]} f6 {[%clk 0:07:05]} 39. h4 {[%clk 0:03:29]} Rh5 {[%clk 0:05:37]}
40. Kg4 {[%clk 0:02:53]} Re5 {[%clk 0:05:50]} 41. Kf4 {[%clk 0:02:25]} Rh5
{[%clk 0:06:05]} 1/2-1/2

[Event "arco2023"]
[Site "?"]
[Date "2023.10.08"]
[Round "2.43"]
[White "KLINGS, Peter"]
[Black "LINNEMANN, Caspar"]
[Result "1-0"]
[BlackElo "1724"]
[WhiteElo "2045"]
[LiveChessVersion "1.4.8"]

1. Nf3 {[%clk 1:30:57]} c5 {[%clk 1:30:46]} 2. c4 {[%clk 1:31:19]} Nc6
{[%clk 1:30:51]} 3. Nc3 {[%clk 1:31:41]} e6 {[%clk 1:30:13]} 4. g3
{[%clk 1:30:46]} Nge7 {[%clk 1:28:08]} 5. Bg2 {[%clk 1:27:58]} d6
{[%clk 1:23:49]} 6. O-O {[%clk 1:25:52]} g6 {[%clk 1:22:47]} 7. d4
{[%clk 1:25:05]} cxd4 {[%clk 1:19:14]} 8. Nxd4 {[%clk 1:25:31]} Nxd4
{[%clk 1:01:39]} 9. Qxd4 {[%clk 1:25:38]} e5 {[%clk 1:01:39]} 10. Qd1
{[%clk 1:19:42]} a6 {[%clk 0:54:05]} 11. Bg5 {[%clk 1:14:36]} Qc7
{[%clk 0:46:41]} 12. Ne4 {[%clk 1:08:41]} Ng8 {[%clk 0:40:49]} 13. c5
{[%clk 0:56:13]} f5 {[%clk 0:22:00]} 14. Nxd6+ {[%clk 0:51:39]} Bxd6
{[%clk 0:19:38]} 15. cxd6 {[%clk 0:52:07]} Qb6 {[%clk 0:18:33]} 16. Rc1
{[%clk 0:39:17]} Bd7 {[%clk 0:08:59]} 17. Rc7 {[%clk 0:35:55]} Rb8
{[%clk 0:07:59]} 18. Qd5 {[%clk 0:27:13]} Qxb2 {[%clk 0:06:13]} 19. Rxd7
{[%clk 0:26:16]} Kxd7 {[%clk 0:05:31]} 20. Qf7+ {[%clk 0:25:38]} Kxd6
{[%clk 0:04:07]} 21. Rd1+ {[%clk 0:25:32]} Kc5 {[%clk 0:03:59]} 22. Qc7+
{[%clk 0:24:11]} 1-0

[Event "arco2023"]
[Site "?"]
[Date "2023.10.08"]
[Round "2.44"]
[White "FUOCHI, Tommaso"]
[Black "LINNEMANN, Jan"]
[Result "1-0"]
[BlackElo "1366"]
[WhiteElo "2007"]
[LiveChessVersion "1.4.8"]

1. d4 {[%clk 1:30:51]} d5 {[%clk 1:30:48]} 2. Nf3 {[%clk 1:30:57]} Nf6
{[%clk 1:28:13]} 3. g3 {[%clk 1:30:20]} e6 {[%clk 1:26:11]} 4. Bg2
{[%clk 1:30:41]} h6 {[%clk 1:18:54]} 5. O-O {[%clk 1:30:44]} Bd6 {[%clk 1:17:56]}
6. c4 {[%clk 1:27:50]} c5 {[%clk 1:15:17]} 7. dxc5 {[%clk 1:25:07]} Bxc5
{[%clk 1:15:36]} 8. Nc3 {[%clk 1:25:07]} Nc6 {[%clk 0:58:11]} 9. cxd5
{[%clk 1:21:28]} exd5 {[%clk 0:58:06]} 10. Ne1 {[%clk 1:16:52]} Be6
{[%clk 0:55:09]} 11. Nd3 {[%clk 1:14:13]} Be7 {[%clk 0:45:45]} 12. Nf4
{[%clk 1:12:30]} Qd7 {[%clk 0:42:18]} 13. Nfxd5 {[%clk 1:10:42]} Nxd5
{[%clk 0:42:17]} 14. Nxd5 {[%clk 1:08:56]} Bxd5 {[%clk 0:42:00]} 15. Qxd5
{[%clk 1:09:06]} Qxd5 {[%clk 0:40:03]} 16. Bxd5 {[%clk 1:09:33]} O-O 17. Be3 Bf6
{[%clk 0:37:58]} 18. Bxc6 {[%clk 1:07:02]} bxc6 {[%clk 0:36:59]} 19. Rab1
{[%clk 1:07:13]} a6 {[%clk 0:36:17]} 20. Rfc1 {[%clk 1:07:18]} Rfc8
{[%clk 0:36:11]} 21. Rc4 {[%clk 1:06:26]} a5 {[%clk 0:34:01]} 22. b3
{[%clk 1:06:32]} Be7 {[%clk 0:34:01]} 23. Rd1 {[%clk 1:01:08]} Kf8
{[%clk 0:27:58]} 24. Rd7 {[%clk 1:00:52]} Ke8 {[%clk 0:26:11]} 25. Rb7
{[%clk 1:01:05]} Bb4 {[%clk 0:23:07]} 26. Rf4 {[%clk 1:00:55]} f6
{[%clk 0:22:45]} 27. Rxg7 {[%clk 1:01:01]} Bf8 {[%clk 0:21:35]} 28. Re4+
{[%clk 1:01:13]} 1-0

[Event "arco2023"]
[Site "?"]
[Date "2023.10.08"]
[Round "2.45"]
[White "RIVARA, Massimo"]
[Black "LAGROTTERIA, Salvatore"]
[Result "0-1"]
[BlackElo "1979"]
[WhiteElo "1605"]
[LiveChessVersion "1.4.8"]

1. e4 {[%clk 1:30:57]} d5 {[%clk 1:30:47]} 2. exd5 {[%clk 1:31:21]} Qxd5
{[%clk 1:31:06]} 3. Nc3 {[%clk 1:31:31]} Qd6 {[%clk 1:31:27]} 4. d4
{[%clk 1:30:29]} Nf6 {[%clk 1:31:42]} 5. Nf3 {[%clk 1:29:45]} c6 {[%clk 1:31:54]}
6. Bc4 {[%clk 1:28:15]} Bg4 {[%clk 1:32:01]} 7. Be3 {[%clk 1:27:50]} e6
{[%clk 1:32:03]} 8. Bb3 {[%clk 1:27:56]} Nbd7 {[%clk 1:30:14]} 9. h3
{[%clk 1:27:50]} Bh5 {[%clk 1:30:24]} 10. g4 {[%clk 1:24:11]} Bg6
{[%clk 1:30:44]} 11. Nh4 {[%clk 1:20:27]} Qc7 {[%clk 1:28:14]} 12. Nxg6
{[%clk 1:20:24]} hxg6 {[%clk 1:28:36]} 13. a3 {[%clk 1:17:39]} Bd6
{[%clk 1:23:05]} 14. Qd2 {[%clk 1:17:29]} b5 {[%clk 1:23:06]} 15. g5
{[%clk 1:16:07]} Nh5 {[%clk 1:19:11]} 16. Ne4 {[%clk 1:14:09]} Be7
{[%clk 1:18:27]} 17. O-O-O {[%clk 1:04:01]} a5 {[%clk 1:18:19]} 18. h4
{[%clk 0:58:36]} Rb8 {[%clk 1:10:39]} 19. Nc5 {[%clk 0:52:20]} Nxc5
{[%clk 1:08:22]} 20. dxc5 {[%clk 0:52:37]} Rd8 {[%clk 1:07:03]} 21. Qe2
{[%clk 0:52:29]} O-O {[%clk 1:04:38]} 22. Qf3 {[%clk 0:48:54]} Qb7
{[%clk 0:59:12]} 23. Qe4 {[%clk 0:45:59]} Rxd1+ {[%clk 0:55:24]} 24. Rxd1
{[%clk 0:45:38]} Rc8 {[%clk 0:52:13]} 25. Qe5 {[%clk 0:40:11]} a4
{[%clk 0:52:11]} 26. Ba2 {[%clk 0:40:19]} b4 {[%clk 0:52:16]} 27. axb4
{[%clk 0:38:29]} Qxb4 {[%clk 0:52:16]} 28. Bxe6 {[%clk 0:27:54]} Rd8
{[%clk 0:52:07]} 29. Rxd8+ {[%clk 0:26:01]} Bxd8 {[%clk 0:52:31]} 30. Bd4
{[%clk 0:24:09]} fxe6 {[%clk 0:51:35]} 31. Qxe6+ {[%clk 0:23:45]} Kh7
{[%clk 0:51:55]} 32. c3 {[%clk 0:22:54]} Qb7 {[%clk 0:48:22]} 33. Qc4
{[%clk 0:19:35]} Qa8 {[%clk 0:47:39]} 34. Kb1 {[%clk 0:17:39]} Bc7
{[%clk 0:44:08]} 35. Qf7 {[%clk 0:17:03]} Qb8 {[%clk 0:41:40]} 36. Qa2
{[%clk 0:17:02]} Qb3 {[%clk 0:36:02]} 37. Qxb3 {[%clk 0:16:42]} axb3
{[%clk 0:36:26]} 38. Kc1 {[%clk 0:16:39]} Nf4 {[%clk 0:36:39]} 39. Kd2
{[%clk 0:15:48]} Kg8 {[%clk 0:36:13]} 40. c4 {[%clk 0:15:04]} Ne6
{[%clk 0:35:10]} 41. Bc3 {[%clk 0:14:13]} Nxc5 {[%clk 0:34:33]} 42. Ke3
{[%clk 0:13:35]} Na4 {[%clk 0:33:35]} 43. Kd3 {[%clk 0:13:06]} Kf7
{[%clk 0:33:33]} 44. c5 {[%clk 0:11:17]} Nxc5+ {[%clk 0:32:58]} 45. Kc4
{[%clk 0:11:39]} Ne4 {[%clk 0:30:09]} 46. Bd4 {[%clk 0:11:15]} Nd2+
{[%clk 0:26:42]} 47. Kc5 {[%clk 0:10:20]} Nf3 {[%clk 0:27:01]} 48. Be3
{[%clk 0:10:15]} Be5 {[%clk 0:27:15]} 49. Bc1 {[%clk 0:09:48]} Bd4+
{[%clk 0:25:44]} 50. Kxc6 {[%clk 0:09:43]} Bxf2 {[%clk 0:26:07]} 51. Kb5
{[%clk 0:09:55]} Bxh4 {[%clk 0:26:31]} 52. Kb4 {[%clk 0:10:12]} Bxg5
{[%clk 0:26:54]} 53. Bxg5 {[%clk 0:10:28]} Nxg5 {[%clk 0:27:19]} 54. Kxb3
{[%clk 0:10:50]} Ne6 {[%clk 0:27:33]} 55. Kc4 {[%clk 0:11:00]} Ke7
{[%clk 0:27:46]} 56. Kd3 {[%clk 0:11:14]} Kd6 {[%clk 0:28:05]} 57. Ke4
{[%clk 0:11:20]} Kc5 {[%clk 0:28:15]} 58. Ke5 {[%clk 0:11:12]} g5
{[%clk 0:28:38]} 0-1

[Event "arco2023"]
[Site "?"]
[Date "2023.10.08"]
[Round "2.46"]
[White "DEL NEVO, Claudio"]
[Black "VOELKER, Sebastian"]
[Result "1/2-1/2"]
[BlackElo "1974"]
[WhiteElo "1632"]
[LiveChessVersion "1.4.8"]

1. d4 {[%clk 1:30:57]} d5 {[%clk 1:30:50]} 2. Nf3 {[%clk 1:31:20]} Nf6
{[%clk 1:30:44]} 3. Bg5 {[%clk 1:31:34]} Ne4 {[%clk 1:30:03]} 4. Bh4
{[%clk 1:31:10]} c5 {[%clk 1:29:50]} 5. c3 {[%clk 1:31:27]} Qb6 {[%clk 1:28:54]}
6. Qb3 {[%clk 1:31:29]} c4 {[%clk 1:26:12]} 7. Qxb6 {[%clk 1:31:19]} axb6
{[%clk 1:26:40]} 8. Nbd2 {[%clk 1:31:18]} Bf5 {[%clk 1:14:29]} 9. Nxe4
{[%clk 1:30:34]} Bxe4 {[%clk 1:14:43]} 10. Nd2 {[%clk 1:30:35]} Bg6
{[%clk 1:14:20]} 11. e4 {[%clk 1:29:23]} e6 {[%clk 1:06:03]} 12. exd5
{[%clk 1:29:25]} exd5 {[%clk 1:06:31]} 13. Be2 {[%clk 1:29:28]} f6
{[%clk 1:06:20]} 14. Bf3 {[%clk 1:29:36]} Bf7 {[%clk 1:06:42]} 15. O-O
{[%clk 1:29:48]} Nc6 {[%clk 0:58:55]} 16. Rfe1+ {[%clk 1:29:35]} Kd7
{[%clk 0:58:34]} 17. Bg4+ {[%clk 1:29:51]} Kc7 {[%clk 0:58:41]} 18. a3
{[%clk 1:26:11]} Bd6 {[%clk 0:55:03]} 19. Be6 {[%clk 1:26:31]} Bxe6
{[%clk 0:53:00]} 20. Rxe6 {[%clk 1:26:53]} Rae8 {[%clk 0:48:46]} 21. Rae1
{[%clk 1:27:08]} Rxe6 {[%clk 0:48:55]} 22. Rxe6 {[%clk 1:27:27]} Kd7
{[%clk 0:49:13]} 23. Re1 {[%clk 1:27:45]} Ne7 {[%clk 0:43:34]} 24. Bg3
{[%clk 1:26:52]} b5 {[%clk 0:42:25]} 25. Bxd6 {[%clk 1:24:26]} Kxd6
{[%clk 0:42:38]} 26. g3 {[%clk 1:24:07]} Nc8 {[%clk 0:40:34]} 27. Nf3
{[%clk 1:22:47]} Kd7 {[%clk 0:39:47]} 28. Kf1 {[%clk 1:19:58]} Nb6
{[%clk 0:36:45]} 29. Re2 {[%clk 1:19:10]} Na4 {[%clk 0:33:34]} 30. Nh4
{[%clk 1:18:26]} Re8 {[%clk 0:33:26]} 31. Rd2 {[%clk 1:18:33]} g6
{[%clk 0:22:18]} 32. Ng2 {[%clk 1:18:56]} Kd6 {[%clk 0:22:04]} 1/2-1/2

[Event "arco2023"]
[Site "?"]
[Date "2023.10.08"]
[Round "2.47"]
[White "PLEIMLING, Luc"]
[Black "PLEYER, Christian"]
[Result "0-1"]
[BlackElo "1895"]
[WhiteElo "1366"]
[LiveChessVersion "1.4.8"]

1. d4 {[%clk 1:30:56]} d5 {[%clk 1:30:34]} 2. Nf3 {[%clk 1:31:21]} Nf6
{[%clk 1:30:45]} 3. g3 {[%clk 1:31:43]} e6 {[%clk 1:29:46]} 4. Bg2
{[%clk 1:32:05]} Be7 {[%clk 1:29:45]} 5. O-O {[%clk 1:32:26]} O-O
{[%clk 1:30:09]} 6. c4 {[%clk 1:32:51]} Nbd7 {[%clk 1:29:11]} 7. cxd5
{[%clk 1:32:38]} exd5 {[%clk 1:29:28]} 8. Nc3 {[%clk 1:32:57]} c6
{[%clk 1:29:05]} 9. Qc2 {[%clk 1:33:04]} Re8 {[%clk 1:28:39]} 10. Re1
{[%clk 1:31:58]} Nf8 {[%clk 1:28:16]} 11. Bg5 {[%clk 1:28:00]} h6
{[%clk 1:23:39]} 12. Bd2 {[%clk 1:25:47]} Bb4 {[%clk 1:19:39]} 13. Ne5
{[%clk 1:22:12]} N6d7 {[%clk 1:12:31]} 14. Nd3 {[%clk 1:14:28]} Ba5
{[%clk 1:11:46]} 15. e4 {[%clk 1:11:08]} dxe4 {[%clk 1:07:19]} 16. Nxe4
{[%clk 1:10:51]} Bxd2 {[%clk 1:07:15]} 17. Qxd2 {[%clk 1:10:49]} Ne6
{[%clk 1:03:30]} 18. Nd6 {[%clk 1:06:15]} Rf8 {[%clk 1:03:48]} 19. Nf4
{[%clk 0:57:55]} Nxf4 {[%clk 1:00:04]} 20. Qxf4 {[%clk 0:58:19]} Nf6
{[%clk 1:00:07]} 21. Nxc8 {[%clk 0:51:50]} Rxc8 {[%clk 0:59:52]} 22. Rac1
{[%clk 0:48:10]} Qa5 {[%clk 0:58:18]} 23. Re7 {[%clk 0:41:06]} Qb6
{[%clk 0:55:50]} 24. b3 {[%clk 0:35:36]} Rfe8 {[%clk 0:53:36]} 25. Rce1
{[%clk 0:33:27]} Rxe7 {[%clk 0:51:09]} 26. Rxe7 {[%clk 0:33:48]} Qb4
{[%clk 0:48:49]} 27. Re5 {[%clk 0:27:20]} Rd8 {[%clk 0:47:06]} 28. Re3
{[%clk 0:21:08]} Qxd4 {[%clk 0:46:23]} 29. Qxd4 {[%clk 0:21:03]} Rxd4
{[%clk 0:46:48]} 30. Re7 {[%clk 0:20:47]} Rd7 {[%clk 0:47:08]} 31. Re2
{[%clk 0:17:44]} Rd1+ {[%clk 0:47:09]} 32. Bf1 {[%clk 0:18:08]} Kf8
{[%clk 0:46:48]} 33. Kg2 {[%clk 0:18:33]} Nd5 {[%clk 0:46:29]} 34. Rc2
{[%clk 0:16:08]} Ke7 {[%clk 0:45:08]} 35. Bc4 {[%clk 0:15:38]} Kd6
{[%clk 0:43:55]} 36. Kf3 {[%clk 0:15:08]} b5 {[%clk 0:43:40]} 37. Be2
{[%clk 0:13:38]} Ra1 {[%clk 0:43:20]} 38. Ke4 {[%clk 0:09:40]} Rh1
{[%clk 0:40:35]} 39. h4 {[%clk 0:07:50]} g6 {[%clk 0:36:52]} 40. Rd2
{[%clk 0:04:56]} f5+ {[%clk 0:36:33]} 41. Kd4 {[%clk 0:04:20]} Rc1
{[%clk 0:29:57]} 42. g4 {[%clk 0:29:33]} Rc3 {[%clk 0:58:49]} 43. gxf5
{[%clk 0:29:35]} gxf5 {[%clk 0:59:13]} 44. h5 {[%clk 0:28:27]} c5#
{[%clk 0:59:33]} 0-1